A short history of the universe
Saved in:
| Main Author: | |
|---|---|
| Format: | Book |
| Language: | English |
| Published: |
New York :
Scientific American Library,
1994
|
| Series: | Scientific American Library series ;
; 53 |
| Subjects: | |
| Tags: |
Add Tag
No Tags, Be the first to tag this record!
|
MARC
| LEADER | 00000cam a2200000 i 4500 | ||
|---|---|---|---|
| 001 | 1/83405 | ||
| 008 | 050809s1994 eng d | ||
| 020 | |a 0-7167-5048-1 | ||
| 022 | |a 10403213 | ||
| 035 | |l 10079764 | ||
| 040 | |a GR-MY-UA |b gre |e aacr | ||
| 041 | 0 | |a eng | |
| 082 | 0 | |a 523.1 |2 (22) | |
| 100 | 1 | |a Silk, Joseph, |d 1942- | |
| 245 | 1 | 2 | |a A short history of the universe / |c Joseph Silk |
| 260 | |a New York : |b Scientific American Library, |c 1994 | ||
| 300 | |a 246 σ.; |c 24 εκ. | ||
| 490 | 1 | |a Scientific American Library |v ; 53 | |
| 504 | |a Βιβλιογραφία: σ.236-237. Ευρετήριο | ||
| 650 | 0 | 0 | |a Cosmology. |
| 650 | 0 | 0 | |a Astrophysics. |
| 830 | 0 | |a Scientific American Library series ; |v ; 53 | |
| 852 | |a INST |b RHODES |c KRI |e 20050809 |h 523.1 SIL |p 005400022639 |q 005400022639 |t BK |y 0 | ||
| 901 | |a BIBL4-2005-2 | ||
| 909 | |a Ρ |b 122100 | ||
| 970 | |a ΚΟΖΑ |b ΜΑΡΙΑ |z 2005/08/05 | ||